000 00398 a2200121 4500
001 ART_35064
005 20260410162005.0
008 260409a
245 1 0 _aEl relanzamiento de la anticresis en el Código Civil y Comercial de la Nación
100 1 _aFlah, Lily R.
700 1 _aAguilar, Rosana I.
773 0 _tTemas de derecho civil
_g- Año 1, Nº 1 (oct. 2015)
_wREV34778
999 _c31609
_d31609